| 000 | 01446nkm a2200385 c 4500 | ||
|---|---|---|---|
| 999 |
_c210621 _d210621 |
||
| 003 | BLK | ||
| 005 | 20200428143831.0 | ||
| 008 | 180412b bul rap|r|||| r0| ||bulo| | ||
| 010 | _aKNG00167830000 | ||
| 040 | _aBLK | ||
| 041 |
_aDEU _cDEU |
||
| 080 |
_aЖивопис - художници _b75.071.1 _x(430)(092) _z75.071.1(430)(092) |
||
| 080 |
_aНемски живописец, график, импресионист(1847-1935) _b929 Либерман, Макс _z929 Либерман, Макс |
||
| 100 | 1 |
_aMeissner, Gunter _eпърви автор _9320190 |
|
| 139 |
_aMeissner, Gunter _bL 69 _gЛ 54 М |
||
| 245 | 1 | 0 |
_aMax Liebermann _cGunter Meissner; Макс Либерман. |
| 257 | _aDEU | ||
| 260 |
_bE. A. Seemann _c1974 |
||
| 300 |
_a140 p. _bill. _c33 cm |
||
| 380 | _a7 | ||
| 500 | _aСписък на ил. - Библиогр. с. 137-139. | ||
| 600 | 1 | 4 |
_aЛиберман, Макс _9351393 |
| 650 | 4 |
_aХудожници, немски - албуми _9286327 |
|
| 651 | 4 |
_aГермания _9178754 |
|
| 653 | _aнемски художници | ||
| 653 | _aимпресионизъм | ||
| 653 | _aживопис | ||
| 653 | _aрисунки | ||
| 700 | 1 |
_aЛиберман, Макс _9351393 |
|
| 852 | _aЦб Гр А ІІ 2216 | ||
| 856 | 4 |
_qpdf _u |
|
| 856 | 4 |
_qpdf _u |
|
| 942 |
_cGRA _n0 _s1 |
||
| 944 |
_aCR _c27.11.2014 _l27.11.2014 - от С1,Р / 27.11.2014 _kКамелия_Данева |
||
| 944 |
_aED _c27.11.2014 _l27.11.2014 - от С1,Р / 27.11.2014 |
||
| 999 | _d210621 | ||